Normal view
MARC view
- Prostitution
Entry Topical Term
001 - CONTROL NUMBER
- control field: 7304
003 - CONTROL NUMBER IDENTIFIER
- control field: NUST
005 - DATE AND TIME OF LATEST TRANSACTION
- control field: 20171214172257.0
008 - FIXED-LENGTH DATA ELEMENTS
- fixed length control field: 171214|| aca||aabn | a|a d
040 ## - CATALOGING SOURCE
- Original cataloging agency: NUST
- Transcribing agency: NUST
150 ## - HEADING--TOPICAL TERM
- Topical term or geographic name entry element: Prostitution
- Geographic subdivision: Pakistan
- Geographic subdivision: Lahore.
670 ## - SOURCE DATA FOUND
- Source citation: Work cat.: (NUST)0: Brown, T. Louise, 1963- 7302, The dancing girls of Lahore :, 2005.
